[Event "Master Open"]
[Site "Voronezh"]
[Date "2017.06.21"]
[Round "9.37"]
[White "Ovod, Evgenija"]
[Black "Iliushkin, Evgeny"]
[Result "1-0"]
[WhiteElo "2365"]
[BlackElo "2241"]
[Annotator ""]
[Source ""]
[Remark ""]

1.d4 Nf6 2.Bg5 d5 3.e3 c6 4.Bd3 Bg4 5.Ne2 Bh5 6.Nd2 Bg6 7.O-O
Nbd7 8.f4 Bxd3 9.cxd3 e6 10.Nf3 Be7 11.Ne5 Nxe5 12.dxe5 Nd7 13.Bxe7
Qxe7 14.d4 O-O 15.g4 f6 16.exf6 gxf6 17.Ng3 Kh8 18.Rc1 Rg8 19.Rc2
Rac8 20.Rg2 c5 21.h3 cxd4 22.exd4 Rc4 23.b3 Rc3 24.Kh2 Rgc8 25.Re2
Qd6 26.Qe1 Rc2 27.Rff2 Rxe2 28.Qxe2 Rc3 29.Qd2 Qc7 30.Kg2 a5
31.Qe1 Rc6 32.Re2 Rc2 33.Qd1 Rc6 34.f5 Rc3 35.Nh5 e5 36.Qd2 Qc8
37.Qh6 Qf8 38.Qxf8+ Nxf8 39.Nxf6 exd4 40.Nxd5 Rc5 41.Nf4 Kg7
42.Kf3 Rc1 43.Re7+ Kf6 44.Rxb7 Re1 45.Rb6+ Kf7 46.Rd6 Ra1 47.Rxd4
Rxa2 48.Nd3 Rc2 49.Rc4 Rxc4 50.Ne5+ 1-0

[Event "Master Open"]
[Site "Voronezh"]
[Date "2017.06.21"]
[Round "9.38"]
[White "Volovich, Vasily"]
[Black "Salemgareev, Tagir"]
[Result "0-1"]
[WhiteElo "2062"]
[BlackElo "2360"]
[Annotator ""]
[Source ""]
[Remark ""]

1.e4 c5 2.c3 Nf6 3.e5 Nd5 4.d4 cxd4 5.cxd4 e6 6.Nf3 d6 7.a3 Nc6
8.Bd3 g6 9.O-O Bg7 10.Re1 O-O 11.Qe2 dxe5 12.dxe5 f6 13.exf6
Qxf6 14.Nc3 Nxc3 15.bxc3 Qxc3 16.Be3 Qb2 17.Qxb2 Bxb2 18.Ra2
Bf6 19.h4 e5 20.Ng5 Bf5 21.Bc4+ Kg7 22.h5 gxh5 23.Ne6+ Bxe6 24.Bxe6
Rad8 25.Bf5 Nd4 26.Be4 Rf7 27.Rc1 Rdd7 28.Rc8 b6 29.Kh2 Rc7 30.Ra8
Rc5 31.Rd2 Rd7 32.Rd3 h4 33.Bd2 Rcc7 34.Bb4 Bd8 35.Bc3 Be7 36.g3
Rc4 37.gxh4 Nf3+ 38.Rxf3 Rxe4 39.Re8 Rxh4+ 40.Kg3 Re4 41.Rf5
Bf6 42.Re6 Rd3+ 43.Kg2 Rxc3 44.Rexf6 Rg4+ 45.Kf1 Rxa3 46.Rf7+
Kh6 47.Rxe5 Kg6 48.Rfe7 Rf4 49.Re2 b5 50.Rb7 a6 51.Kg2 h6 52.Ree7
Ra2 53.Rg7+ Kh5 54.Rbe7 Rfxf2+ 55.Kg1 Rfe2 0-1

[Event "Master Open"]
[Site "Voronezh"]
[Date "2017.06.21"]
[Round "9.39"]
[White "Anchutin, Nikita"]
[Black "Strelnikov, Sergey"]
[Result "0-1"]
[WhiteElo "2282"]
[BlackElo "2357"]
[Annotator ""]
[Source ""]
[Remark ""]

1.d4 Nf6 2.Nf3 c5 3.d5 g6 4.Nc3 Bg7 5.e4 d6 6.Bb5+ Nbd7 7.a4
O-O 8.O-O a6 9.Bc4 Nb6 10.Be2 Bg4 11.Nd2 Bxe2 12.Qxe2 Nfd7 13.a5
Nc8 14.Nc4 Ne5 15.Bf4 Nxc4 16.Qxc4 b5 17.axb6 Nxb6 18.Qe2 a5
19.e5 Qd7 20.Rfe1 Qf5 21.Qe4 Qxe4 22.Rxe4 f5 23.Re2 Nc4 24.exd6
exd6 25.Nd1 Rfe8 26.Rxe8+ Rxe8 27.Ne3 Bxb2 28.Ra4 Nb6 29.Rxa5
Nxd5 30.Bxd6 f4 31.Nf1 Re1 32.Bxc5 Nc3 33.f3 Rc1 34.Ra8+ Kf7
35.Ra7+ Kg8 36.Ra8+ Kf7 37.Ra7+ Kf6 38.Bd4+ Ke6 39.Bxc3 Bxc3
40.Ra4 Kd5 41.Rxf4 Bd4+ 42.Rxd4+ Kxd4 43.Kf2 Rxc2+ 44.Kg3 Kd3
45.h4 Ke2 46.Nh2 h5 47.f4 Rc3+ 48.Nf3 Kf1 49.f5 gxf5 50.Kf4 Kxg2
51.Ne5 Kh3 52.Kg5 f4 53.Kxf4 Kxh4 54.Ng6+ Kh3 55.Kg5 Rc5+ 56.Kf4
h4 57.Kf3 Rf5+ 0-1

[Event "Master Open"]
[Site "Voronezh"]
[Date "2017.06.21"]
[Round "9.40"]
[White "Raja, Harshit"]
[Black "Avalyan, Artur"]
[Result "1/2-1/2"]
[WhiteElo "2350"]
[BlackElo "2249"]
[Annotator ""]
[Source ""]
[Remark ""]

1.e4 e6 2.d4 d5 3.Nd2 c5 4.Ngf3 cxd4 5.exd5 Qxd5 6.Bc4 Qd6 7.O-O
Nf6 8.Nb3 Nc6 9.Nbxd4 Nxd4 10.Nxd4 a6 11.Re1 Be7 12.c3 Qc7 13.Bb3
O-O 14.Qf3 e5 15.Nf5 Bxf5 16.Qxf5 Nd7 17.Be3 g6 18.Qf3 Kg7 19.Bd5
Rab8 20.Rad1 f5 21.Qh3 h5 22.f4 Bf6 23.Be6 Rfd8 24.Qg3 h4 25.Qf2
Rbc8 26.Rxd7+ Rxd7 27.Bb6 Qc6 28.Bxd7 Qxd7 29.Qe2 e4 30.Rd1 Qc6
31.Be3 Rd8 32.Rxd8 Bxd8 33.Qd2 Bb6 34.Bd4+ Kf7 35.Qf2 Bd8 36.Qc2
Qc4 37.b3 Qd5 38.Kf2 Qd6 39.Ke3 g5 40.g3 Bc7 41.Qf2 Qg6 42.a4 1/2-1/2

[Event "Master Open"]
[Site "Voronezh"]
[Date "2017.06.21"]
[Round "9.41"]
[White "Michelle Catherina, P"]
[Black "Gurvich, Vitaly"]
[Result "0-1"]
[WhiteElo "2157"]
[BlackElo "2345"]
[Annotator ""]
[Source ""]
[Remark ""]

1.e4 c5 2.Nf3 d6 3.d4 cxd4 4.Nxd4 Nf6 5.Nc3 a6 6.h3 e5 7.Nde2
b5 8.Bg5 Nbd7 9.Nd5 Bb7 10.Nec3 Rc8 11.a4 b4 12.Nxb4 Qa5 13.Nbd5
Nxe4 14.Bd2 Nxc3 15.Nxc3 d5 16.Bd3 g6 17.O-O Bg7 18.Re1 Qb6 19.a5
Qc6 20.b4 O-O 21.b5 Qe6 22.bxa6 Ba8 23.Na4 e4 24.Rb1 exd3 25.Rxe6
dxc2 26.Qe1 cxb1Q 27.Qxb1 fxe6 28.Nb6 Rb8 29.Qb5 Nxb6 30.axb6
Bd4 31.b7 Bxb7 32.axb7 Rxf2 33.Qc6 Rxd2+ 34.Kf1 Rf2+ 35.Ke1 Rff8
36.Qxe6+ Kg7 37.Qxd5 Bc3+ 38.Ke2 Rbe8+ 39.Kd3 Rd8 0-1

[Event "Master Open"]
[Site "Voronezh"]
[Date "2017.06.21"]
[Round "9.60"]
[White "Gutkovich, Polina"]
[Black "Ustinov, Alexey"]
[Result "0-1"]
[WhiteElo "1904"]
[BlackElo "2138"]
[Annotator ""]
[Source ""]
[Remark ""]

1.e4 e6 2.d4 d5 3.exd5 exd5 4.Nf3 Bd6 5.c4 dxc4 6.Bxc4 Nf6 7.O-O
O-O 8.Bg5 Nc6 9.Nc3 Bg4 10.Nd5 Be7 11.Nxe7+ Qxe7 12.d5 Ne5 13.Be2
Rfe8 14.Nxe5 Bxe2 15.Qxe2 Qxe5 16.Qxe5 Rxe5 17.Bxf6 gxf6 18.Rac1
Rc8 19.Rfd1 Re2 20.b4 Rxa2 21.d6 c6 22.b5 Ra5 23.bxc6 bxc6 24.d7
Rd8 25.Rxc6 Rxd7 26.Rdc1 Kg7 27.h4 Ra2 28.R1c3 Rd1+ 29.Kh2 Rxf2
30.Ra6 Rd7 31.Rca3 Rf4 32.Kh3 Rd1 33.Kg3 Rdd4 34.h5 Rg4+ 35.Kf3
Rg5 36.Rxa7 Rxh5 37.Rc7 Rd8 38.Raa7 Rf8 39.Rc6 Rf5+ 40.Kg4 Kg6
41.Rcc7 Rb5 42.Ra6 Rd8 43.Rc3 Rd4+ 44.Kh3 Rh5+ 45.Kg3 Rg5+ 46.Kh3
Kh5 47.Kh2 Rd2 48.Rg3 Rxg3 49.Kxg3 Kg5 50.Ra7 Rd3+ 51.Kh2 Kg6
52.Ra6 Re3 53.Rb6 h6 54.Ra6 Re6 55.Ra3 f5 56.Rg3+ Kf6 57.Rg8
f4 58.Ra8 Re3 59.Rh8 Kg7 60.Ra8 f3 61.gxf3 Rxf3 62.Kg2 Rb3 63.Rc8
Kg6 64.Rg8+ Kf5 65.Rh8 Rb6 66.Kg3 Ke4 67.Ra8 Rd6 68.Ra4+ Rd4
69.Ra6 Rd3+ 70.Kh4 f5 71.Rxh6 f4 72.Re6+ Kf3 73.Ra6 Re3 74.Ra2
Re2 75.Ra3+ Re3 76.Ra2 Rd3 0-1

[Event "Master Open"]
[Site "Voronezh"]
[Date "2017.06.21"]
[Round "9.60"]
[White "Gutkovich, Polina"]
[Black "Ustinov, Alexey"]
[Result "0-1"]
[WhiteElo "1904"]
[BlackElo "2138"]
[Annotator ""]
[Source ""]
[Remark ""]

1.e4 e6 2.d4 d5 3.exd5 exd5 4.Nf3 Bd6 5.c4 dxc4 6.Bxc4 Nf6 7.O-O
O-O 8.Bg5 Nc6 9.Nc3 Bg4 10.Nd5 Be7 11.Nxe7+ Qxe7 12.d5 Ne5 13.Be2
Rfe8 14.Nxe5 Bxe2 15.Qxe2 Qxe5 16.Qxe5 Rxe5 17.Bxf6 gxf6 18.Rac1
Rc8 19.Rfd1 Re2 20.b4 Rxa2 21.d6 c6 22.b5 Ra5 23.bxc6 bxc6 24.d7
Rd8 25.Rxc6 Rxd7 26.Rdc1 Kg7 27.h4 Ra2 28.R1c3 Rd1+ 29.Kh2 Rxf2
30.Ra6 Rd7 31.Rca3 Rf4 32.Kh3 Rd1 33.Kg3 Rdd4 34.h5 Rg4+ 35.Kf3
Rg5 36.Rxa7 Rxh5 37.Rc7 Rd8 38.Raa7 Rf8 39.Rc6 Rf5+ 40.Kg4 Kg6
41.Rcc7 Rb5 42.Ra6 Rd8 43.Rc3 Rd4+ 44.Kh3 Rh5+ 45.Kg3 Rg5+ 46.Kh3
Kh5 47.Kh2 Rd2 48.Rg3 Rxg3 49.Kxg3 Kg5 50.Ra7 Rd3+ 51.Kh2 Kg6
52.Ra6 Re3 53.Rb6 h6 54.Ra6 Re6 55.Ra3 f5 56.Rg3+ Kf6 57.Rg8
f4 58.Ra8 Re3 59.Rh8 Kg7 60.Ra8 f3 61.gxf3 Rxf3 62.Kg2 Rb3 63.Rc8
Kg6 64.Rg8+ Kf5 65.Rh8 Rb6 66.Kg3 Ke4 67.Ra8 Rd6 68.Ra4+ Rd4
69.Ra6 Rd3+ 70.Kh4 f5 71.Rxh6 f4 72.Re6+ Kf3 73.Ra6 Re3 74.Ra2
Re2 75.Ra3+ Re3 76.Ra2 Rd3 77.Ra6 Ke2 78.Kg4 f3 79.Ra2+ Kf1 80.Ra8
f2 81.Kf4 Ke2 82.Re8+ Kd2 0-1

[Event "Master Open"]
[Site "Voronezh"]
[Date "2017.06.21"]
[Round "9.42"]
[White "Pogorelskikh, Sergey"]
[Black "Bykov, Egor"]
[Result "1/2-1/2"]
[WhiteElo "2233"]
[BlackElo "2332"]
[Annotator ""]
[Source ""]
[Remark ""]

1.e4 e5 2.Nf3 Nc6 3.Bb5 a6 4.Ba4 Nf6 5.O-O Be7 6.d3 b5 7.Bb3
O-O 8.Nc3 d6 9.a3 Bg4 10.Be3 Nd4 11.Bxd4 exd4 12.Nd5 Nxd5 13.Bxd5
Rb8 14.h3 Bxf3 15.Qxf3 Qd7 16.Bb3 c6 17.a4 Bf6 18.g4 Be5 19.axb5
axb5 20.Ra6 Ra8 21.Rfa1 Rxa6 22.Rxa6 Qb7 23.Ra2 Qe7 24.h4 g6
25.Qh3 h6 26.Kg2 Kg7 27.Ra6 Qb7 28.Ra1 Qe7 29.h5 g5 30.Qf3 Bf4
31.c3 Qe5 32.c4 Qe6 33.Ra5 Rb8 34.Qd1 Qd7 35.cxb5 cxb5 36.Kf3
d5 37.Bxd5 Rb6 38.Kg2 Rf6 39.Qe2 Be5 40.Ra1 Rf4 41.f3 Qc7 42.Ra6
Rf6 43.Rxf6 Kxf6 44.Qd1 Qc5 45.Ba2 Qb4 46.Bb3 Kg7 47.Kf1 Bg3
48.Kg2 Bb8 49.Kf1 Qd6 50.Qd2 Qf6 51.Ke2 Bd6 52.Qc1 Qe5 53.Qg1
Qc5 54.Qd1 Qe5 55.Qg1 Qc5 56.Qd1 Bf4 57.Qc2 Qb4 58.Ba2 Bg3 59.Qc1
Bf4 60.Qc2 Bg3 61.Qc1 Qa5 62.Bb3 Bf4 63.Qd1 Bb8 64.Qe1 Qc7 1/2-1/2

[Event "Master Open"]
[Site "Voronezh"]
[Date "2017.06.21"]
[Round "9.43"]
[White "Obolentseva, Alexandra"]
[Black "Zhileykin, Andrey"]
[Result "1/2-1/2"]
[WhiteElo "2283"]
[BlackElo "2225"]
[Annotator ""]
[Source ""]
[Remark ""]

1.d4 Nf6 2.c4 e6 3.Nf3 Bb4+ 4.Bd2 a5 5.Nc3 O-O 6.g3 d5 7.cxd5
exd5 8.Bg2 Re8 9.O-O Nbd7 10.a3 Bf8 11.Qc2 c6 12.Rfe1 g6 13.Rad1
Bg7 14.Qc1 Ne4 15.Bf4 Qb6 16.Nxe4 dxe4 17.Ng5 Nf6 18.Be5 Bf5
19.Bh3 Bxh3 20.Nxh3 Nd5 21.Bxg7 Kxg7 22.Nf4 Nxf4 23.gxf4 Rad8
24.Qc3 Rd5 25.Rd2 Kg8 26.Rb1 Qd8 27.b4 axb4 28.Rxb4 Qd7 29.Qe3
c5 30.Rc4 b6 31.a4 Qe6 32.Rcc2 cxd4 33.Rxd4 Qg4+ 34.Kh1 Rxd4
35.Qxd4 Qxf4 36.Rc6 Qg4 37.Rc2 Qh3 38.Kg1 Qg4+ 39.Kh1 Qf5 40.Rc3
Qg4 41.Rc2 1/2-1/2

[Event "Master Open"]
[Site "Voronezh"]
[Date "2017.06.21"]
[Round "9.44"]
[White "Pogosian, Georgy"]
[Black "Rjabzev, Konstantin"]
[Result "0-1"]
[WhiteElo "2211"]
[BlackElo "2278"]
[Annotator ""]
[Source ""]
[Remark ""]

1.d4 d5 2.Bf4 e6 3.e3 Nf6 4.Nd2 Bd6 5.Bg3 O-O 6.Bd3 c5 7.c3 Qc7
8.Bh4 Nbd7 9.f4 c4 10.Bc2 b5 11.Qf3 b4 12.Ne2 Rb8 13.O-O bxc3
14.bxc3 Rb2 15.Rfc1 Bb7 16.Rab1 Rxa2 17.Nxc4 Qxc4 18.Bb3 Qxe2
19.Bxa2 Qxa2 20.Rxb7 Qa6 21.Rbb1 Ne4 22.Be1 Nb6 23.Ra1 Qb7 24.Rab1
Qc6 25.Ra1 Qb7 26.Rab1 Qc7 27.h3 Nc4 0-1

[Event "Master Open"]
[Site "Voronezh"]
[Date "2017.06.21"]
[Round "9.45"]
[White "Grigoryeva, Olga A"]
[Black "Cherednichenko, Dmitrij"]
[Result "1/2-1/2"]
[WhiteElo "2204"]
[BlackElo "2242"]
[Annotator ""]
[Source ""]
[Remark ""]

1.c4 e5 2.Nc3 Nf6 3.g3 Nc6 4.Bg2 Bc5 5.d3 O-O 6.Nf3 Re8 7.O-O
h6 8.e4 a5 9.h3 d6 10.Qe2 a4 11.Be3 Be6 12.Kh2 Nd7 13.Rad1 Qb8
14.Nd5 b5 15.cxb5 Bxd5 16.bxc6 Bxc6 17.Nh4 Qd8 18.Nf5 Qf6 19.Qc2
Bb5 20.Rfe1 Bb4 21.Rg1 c5 22.g4 Nf8 23.Qc1 Qe6 24.Bf3 f6 25.Bxh6
gxh6 26.Qxh6 Ra7 27.g5 Rh7 28.gxf6+ Kh8 29.Qg5 Nd7 30.Bh5 Nxf6
31.Bxe8 Bxe8 32.Rg3 Nh5 33.Rg4 Nf4 34.Rh4 Qg6 35.Rxh7+ Kxh7 36.Qxg6+
Bxg6 37.Nxd6 Bh5 38.Rg1 Nxd3 39.Nc4 Be1 40.Rg5 Kh6 41.Rg3 Be2
42.b3 axb3 43.axb3 Bxf2 44.Rg2 Bf1 45.Nxe5 Bd4 46.Nxd3 Bxd3 47.Kg3
Bxe4 48.Rd2 Kg5 49.h4+ Kf5 50.h5 Ke5 51.Re2 Kd5 52.Rd2 Kc6 53.Kf4
Bh7 54.h6 Kb5 55.Re2 Kb4 56.Re7 Bc2 57.Rb7+ Ka3 58.h7 Bxb3 1/2-1/2

[Event "Master Open"]
[Site "Voronezh"]
[Date "2017.06.21"]
[Round "9.46"]
[White "Pranav, V."]
[Black "Kryukov, Denis V"]
[Result "1-0"]
[WhiteElo "2147"]
[BlackElo "2241"]
[Annotator ""]
[Source ""]
[Remark ""]

1.e4 c5 2.Nf3 e6 3.c4 Nc6 4.Nc3 Nf6 5.d4 cxd4 6.Nxd4 Qc7 7.Be3
a6 8.Be2 Bb4 9.Qc2 Ne5 10.O-O Neg4 11.g3 Nxe3 12.fxe3 Bxc3 13.Qxc3
Nxe4 14.Qa3 Qc5 15.b4 Qe7 16.Bd3 Nf6 17.e4 d6 18.Rae1 O-O 19.Qc3
Rd8 20.Bb1 Ng4 21.Nf3 e5 22.Nh4 Be6 23.Qf3 a5 24.Nf5 Bxf5 25.exf5
Nf6 26.g4 h6 27.h4 Ne8 28.Qg3 axb4 29.g5 Ra3 30.Qg4 hxg5 31.hxg5
f6 32.Be4 fxg5 33.Bd5+ Kf8 34.f6 gxf6 35.Re2 Qd7 36.Be6 Qg7 37.Rh2
Rda8 38.Bf5 Kg8 39.Qe4 Rg3+ 40.Kh1 Kf8 41.Rh7 d5 42.cxd5 Nd6
43.Qxb4 Qxh7+ 44.Bxh7 Ke7 45.Rxf6 Ra6 46.Re6+ Kd7 47.Bf5 1-0

[Event "Master Open"]
[Site "Voronezh"]
[Date "2017.06.21"]
[Round "9.47"]
[White "Rakshitta, Ravi"]
[Black "Zherebtsova, Alexandra"]
[Result "0-1"]
[WhiteElo "1910"]
[BlackElo "2231"]
[Annotator ""]
[Source ""]
[Remark ""]

1.e4 e5 2.Nf3 Nc6 3.Bc4 Bc5 4.c3 Nf6 5.d3 a6 6.Bb3 d6 7.h3 h6
8.Nbd2 Ba7 9.Qe2 Be6 10.Bc2 Qd7 11.Nf1 Ng8 12.Be3 Nge7 13.d4
exd4 14.cxd4 d5 15.Ng3 O-O-O 16.Rd1 f6 17.Ba4 h5 18.Qc2 h4 19.exd5
Bxd5 20.Ne4 Qe6 21.Nc5 Bxc5 22.Qxc5 Nf5 23.O-O Bxf3 24.gxf3 Nxe3
25.fxe3 Qxe3+ 26.Kg2 Rd6 27.Qf5+ Kb8 28.Bxc6 Rxc6 29.Rfe1 Qh6
30.d5 g6 31.Qd3 Rd6 32.Re4 f5 33.Re2 Qg5+ 34.Kh1 Qg3 35.Rg1 Qf4
36.Rd1 Rhd8 37.Qb3 g5 38.Rg2 Rg8 39.Qc3 g4 40.Rd4 Qh6 41.fxg4
fxg4 42.hxg4 Qg5 43.Qd2 Qg6 44.Qd3 Qf6 45.Qe3 Qd8 46.Rgd2 Re8
47.Re4 Rf8 48.Re5 Rdf6 49.Kg2 Qd7 50.Re6 Rf4 51.Rd4 Rf1 52.Rd2
Qa4 53.Re4 h3+ 54.Kxh3 Qd7 55.Kg2 Qf7 56.Re2 Qxd5 57.Kg3 Qd6+
58.Kg2 Qd5 59.Kg3 0-1

[Event "Master Open"]
[Site "Voronezh"]
[Date "2017.06.21"]
[Round "9.47"]
[White "Rakshitta, Ravi"]
[Black "Zherebtsova, Alexandra"]
[Result "0-1"]
[WhiteElo "1910"]
[BlackElo "2231"]
[Annotator ""]
[Source ""]
[Remark ""]

1.e4 e5 2.Nf3 Nc6 3.Bc4 Bc5 4.c3 Nf6 5.d3 a6 6.Bb3 d6 7.h3 h6
8.Nbd2 Ba7 9.Qe2 Be6 10.Bc2 Qd7 11.Nf1 Ng8 12.Be3 Nge7 13.d4
exd4 14.cxd4 d5 15.Ng3 O-O-O 16.Rd1 f6 17.Ba4 h5 18.Qc2 h4 19.exd5
Bxd5 20.Ne4 Qe6 21.Nc5 Bxc5 22.Qxc5 Nf5 23.O-O Bxf3 24.gxf3 Nxe3
25.fxe3 Qxe3+ 26.Kg2 Rd6 27.Qf5+ Kb8 28.Bxc6 Rxc6 29.Rfe1 Qh6
30.d5 g6 31.Qd3 Rd6 32.Re4 f5 33.Re2 Qg5+ 34.Kh1 Qg3 35.Rg1 Qf4
36.Rd1 Rhd8 37.Qb3 g5 38.Rg2 Rg8 39.Qc3 g4 40.Rd4 Qh6 41.fxg4
fxg4 42.hxg4 Qg5 43.Qd2 Qg6 44.Qd3 Qf6 45.Qe3 Qd8 46.Rgd2 Re8
47.Re4 Rf8 48.Re5 Rdf6 49.Kg2 Qd7 50.Re6 Rf4 51.Rd4 Rf1 52.Rd2
Qa4 53.Re4 h3+ 54.Kxh3 Qd7 55.Kg2 Qf7 56.Re2 Qxd5 57.Kg3 Qd6+
58.Kg2 Qd5 59.Kg3 b6 60.Re8+ Rxe8 61.Qxe8+ Ka7 62.Qe4 Qc5 63.Re3
Rc1 64.b3 Rc2 65.Re2 Qg1+ 66.Kh3 Qf1+ 67.Qg2 Qxe2 0-1

[Event "Master Open"]
[Site "Voronezh"]
[Date "2017.06.21"]
[Round "9.49"]
[White "Gukesh, D."]
[Black "Shaydullina, Sandugach"]
[Result "1-0"]
[WhiteElo "2332"]
[BlackElo "2217"]
[Annotator ""]
[Source ""]
[Remark ""]

1.Nf3 f5 2.d3 Nf6 3.e4 fxe4 4.dxe4 Nxe4 5.Bd3 Nf6 6.Ng5 c6 7.O-O
d6 8.Nc3 Bg4 9.Qe1 Qd7 10.Nce4 Nxe4 11.Nxe4 h6 12.f3 Be6 13.Bf4
Na6 14.Rd1 Qc8 15.Qh4 Qc7 16.Rfe1 Qb6+ 17.Be3 Qa5 18.Ng5 Bg8
19.Bg6+ Kd7 20.Qg4+ Kc7 21.Ne4 Nb4 22.Nc5 dxc5 23.Qd7+ Kb6 24.a3
e5 25.axb4 Qxb4 26.Bf2 a5 27.Re4 Qxb2 28.Ree1 Ba2 29.Bf7 Rb8
30.Bxa2 Qxa2 31.Ra1 Qc4 32.Reb1+ Qb4 33.Be1 c4 34.Bxb4 1-0

[Event "Master Open"]
[Site "Voronezh"]
[Date "2017.06.21"]
[Round "9.51"]
[White "Grachev, Andrey"]
[Black "Zaika, Daniil"]
[Result "1-0"]
[WhiteElo "2268"]
[BlackElo "2093"]
[Annotator ""]
[Source ""]
[Remark ""]

1.e4 e6 2.d4 d5 3.e5 c5 4.c3 Nc6 5.Nf3 Qb6 6.a3 Bd7 7.b4 cxd4
8.cxd4 Rc8 9.Bb2 Na5 10.Nbd2 Nc4 11.Bxc4 dxc4 12.Rc1 Qa6 13.Ng5
Nh6 14.Nde4 Bc6 15.O-O Be7 16.Qh5 Bxe4 17.Nxe4 O-O 18.Nf6+ Kh8
19.Rc3 Qc6 20.Rh3 Qb5 21.Bc1 Bxf6 22.Bxh6 1-0

[Event "Master Open"]
[Site "Voronezh"]
[Date "2017.06.21"]
[Round "9.52"]
[White "Mendonca, Leon Luke"]
[Black "Gasanov, Zaur"]
[Result "1/2-1/2"]
[WhiteElo "2174"]
[BlackElo "2264"]
[Annotator ""]
[Source ""]
[Remark ""]

1.Nf3 Nf6 2.b3 g6 3.Bb2 Bg7 4.g3 c5 5.Bg2 Nc6 6.O-O d6 7.c4 Bd7
8.d3 Qc8 9.Nbd2 Bh3 10.Ne4 h5 11.Bxh3 Qxh3 12.Nfg5 Qf5 13.h4
Ne5 14.Qd2 O-O 15.Nxf6+ Bxf6 16.Bxe5 Bxe5 17.Rab1 a5 18.Nf3 Bf6
19.Rfd1 Qg4 20.Kg2 Rfb8 21.a4 Rc8 22.Qe3 Ra6 23.Qe4 Qxe4 24.dxe4
Rb6 25.Ne1 Bc3 26.Nc2 Kf8 27.Rd3 Bf6 28.Na3 Rb4 29.Nc2 Rb6 30.Na3
Rb4 31.Nb5 Kg7 32.Rbd1 Rc6 33.f4 Bd4 34.e3 Bf6 35.Kf2 Kf8 36.Ke2
Rb6 37.R1d2 Kg7 38.Kd1 Kf8 39.Ra2 e5 40.Kc2 Ke7 41.Nc7 Bg7 42.Nd5+
Ke6 43.f5+ gxf5 44.exf5+ Kxf5 45.e4+ Kxe4 46.Ra1 Kf5 47.Rf1+
Ke6 48.Nxb4 Rxb4 49.Rdf3 f6 50.Rf5 d5 51.cxd5+ Kxd5 52.Rxh5 c4
53.Rh7 cxb3+ 54.Kb2 Rg4 55.h5 Bf8 56.Rxb7 Rxg3 57.Rxf6 Bb4 58.h6
Rh3 59.Rb5+ Kd4 60.Rxb4+ axb4 61.a5 Kc4 62.a6 Rh2+ 63.Kb1 Rh1+
64.Kb2 Rh2+ 1/2-1/2

[Event "Master Open"]
[Site "Voronezh"]
[Date "2017.06.21"]
[Round "9.53"]
[White "Protopopova, Anastasiya"]
[Black "Dmitriev, Igor"]
[Result "1/2-1/2"]
[WhiteElo "2123"]
[BlackElo "2242"]
[Annotator ""]
[Source ""]
[Remark ""]

1.d4 d6 2.c4 c5 3.d5 e5 4.e4 Be7 5.Nf3 Bg4 6.Nbd2 Nf6 7.h3 Bd7
8.Bd3 O-O 9.g4 Na6 10.a4 Nb4 11.Bb1 a6 12.b3 b5 13.a5 Ne8 14.Nf1
bxc4 15.bxc4 g6 16.Bh6 Ng7 17.Rg1 f6 18.Ne3 Rf7 19.Ra3 Bf8 20.h4
Rb8 21.h5 g5 22.Bxg7 Kxg7 23.Nd2 Bc8 24.Kf1 Rfb7 25.Kg2 Kh8 26.Qf3
Be7 27.Nf5 Qf8 28.Nxe7 Qxe7 29.Kh2 Kg7 30.Qc3 Bd7 31.f3 Kh6 32.Kg3
Kg7 33.Kh2 Kf8 34.Kg3 Ke8 35.Ra1 Kd8 36.Qc1 Kc7 37.Nf1 Rg8 38.Ne3
Kb8 39.Kf2 Ka7 40.Qc3 h6 41.Nf5 Qf8 42.Ne3 Bc8 43.Ra3 Rb8 44.Ra1
Rg7 45.Rd1 Rgb7 46.Kg3 Qd8 47.Rc1 Qe7 48.Rd1 Bd7 49.Re1 Qe8 50.Nf5
Bxf5 51.exf5 Qe7 52.Be4 Qc7 1/2-1/2

[Event "Master Open"]
[Site "Voronezh"]
[Date "2017.06.21"]
[Round "9.55"]
[White "Harshini, A."]
[Black "Muromtsev, Arthur"]
[Result "0-1"]
[WhiteElo "2000"]
[BlackElo "2234"]
[Annotator ""]
[Source ""]
[Remark ""]

1.e4 c6 2.d4 d5 3.Nc3 g6 4.Nf3 Bg7 5.Be2 Nh6 6.O-O O-O 7.Re1
f6 8.b3 Nf7 9.h3 e6 10.Bf1 Nd7 11.Qd3 Re8 12.Bb2 b6 13.Ne2 Nd6
14.Ng3 a5 15.c4 Ba6 16.Qc2 Rc8 17.Rad1 f5 18.e5 Ne4 19.Qb1 b5
20.cxd5 cxd5 21.a4 Qb6 22.Qd3 Rb8 23.Qe2 Rb7 24.Nxe4 fxe4 25.Nd2
Nb8 26.axb5 Bxb5 27.Qxb5 Qxb5 28.Bxb5 Rxb5 29.Ra1 Bh6 30.Bc3
Nc6 31.Ra4 Rc8 32.Rea1 Nxe5 33.Rxa5 Rxa5 34.Bxa5 Nd3 35.Nf1 Bg7
36.Bb6 Rb8 37.Bc7 Rb7 38.Ra8+ Kf7 39.Bd6 Bxd4 40.Ne3 Rxb3 41.Ng4
h5 42.Nh6+ Kg7 43.Bf8+ Kh7 44.Nf7 Bxf2+ 45.Kh2 Bg3+ 46.Kxg3 Ne5+
47.Kh4 Nxf7 48.Ra7 Kg8 49.Ra8 Rb7 50.Re8 e5 51.Bd6+ Kg7 52.Bxe5+
Nxe5 53.Rxe5 Rd7 54.Kg5 Kf7 55.g4 hxg4 56.hxg4 Re7 57.Rxd5 e3
58.Rd1 e2 59.Re1 Re4 60.Kh4 Kf6 61.Kg3 Kg5 62.Kf3 Re8 63.Kg3
Re3+ 64.Kf2 Kf4 65.g5 Re8 66.Rxe2 Rxe2+ 67.Kxe2 Kxg5 68.Kf3 Kh4
69.Kg2 Kg4 70.Kh2 Kf3 71.Kg1 Kg3 72.Kh1 g5 73.Kg1 g4 74.Kh1 Kf2 0-1

[Event "Master Open"]
[Site "Voronezh"]
[Date "2017.06.21"]
[Round "9.56"]
[White "Varshini, V."]
[Black "Ageichenko, Genadi A"]
[Result "1-0"]
[WhiteElo "2050"]
[BlackElo "2279"]
[Annotator ""]
[Source ""]
[Remark ""]

1.e4 c6 2.d4 d5 3.Nc3 dxe4 4.Nxe4 Bf5 5.Ng3 Bg6 6.Bc4 e6 7.N1e2
Bd6 8.h4 h5 9.Nf4 Bxf4 10.Bxf4 Nd7 11.c3 Ngf6 12.Bg5 Qc7 13.O-O
Nh7 14.Bd2 O-O-O 15.b4 Nhf6 16.Qf3 Ng4 17.b5 Nde5 18.Qe2 Nxc4
19.Qxc4 Rd5 20.bxc6 Qxc6 21.Qe2 Qc7 22.Rfd1 Rhd8 23.Bg5 R8d7
24.Nf1 Ra5 25.c4 Ra4 26.Rac1 Qa5 27.Rd2 Qa6 28.f3 Nf6 29.Bf4
Ne8 30.d5 Nc7 31.Ne3 Qa5 32.Be5 f6 33.Bc3 Qa6 34.Qd1 Qb6 35.Bd4
Qa6 36.Qb3 Kd8 37.Bc5 Ke8 38.d6 Qa5 39.dxc7 Qxc5 40.Rxd7 Kxd7
41.Qxa4+ Kxc7 42.Qb3 1-0

[Event "Master Open"]
[Site "Voronezh"]
[Date "2017.06.21"]
[Round "9.57"]
[White "Shkurkin, Andrey"]
[Black "Martynyuk, Elizaveta"]
[Result "0-1"]
[WhiteElo "2229"]
[BlackElo "2112"]
[Annotator ""]
[Source ""]
[Remark ""]

1.d4 d5 2.c4 c6 3.cxd5 cxd5 4.Bf4 Nf6 5.Nc3 Nc6 6.e3 Bg4 7.Qb3
Na5 8.Qa4+ Bd7 9.Qc2 Rc8 10.Bd3 e6 11.Nf3 Nh5 12.Bxh7 Nxf4 13.exf4
Qf6 14.Ne5 Qxf4 15.Bg6 fxg6 16.Nxg6 Qh6 17.Nxh8 Qxh8 18.Qg6+
Kd8 19.O-O Nc4 20.f4 Rc6 21.Rae1 Nd6 22.g4 Qh4 23.Re5 Be8 24.Qxe6
Bf7 25.Rh5 Qxh5 26.Qxd6+ Rxd6 27.gxh5 Bxh5 28.Re1 Be7 29.Kg2
Bf6 30.b3 Bxd4 31.Nb5 Rg6+ 32.Kh3 Bg4+ 0-1

[Event "Master Open"]
[Site "Voronezh"]
[Date "2017.06.21"]
[Round "9.59"]
[White "Garifullina, Leya"]
[Black "Kavyev, Ruslan"]
[Result "0-1"]
[WhiteElo "1883"]
[BlackElo "2188"]
[Annotator ""]
[Source ""]
[Remark ""]

1.e4 c5 2.Nf3 d6 3.d4 cxd4 4.Nxd4 Nf6 5.Nc3 a6 6.Bg5 Nbd7 7.Qe2
Qc7 8.O-O-O e6 9.f4 Be7 10.g4 b5 11.Bxf6 Bxf6 12.g5 Bxd4 13.Rxd4
Bb7 14.f5 Qc5 15.fxe6 Qxd4 16.exd7+ Kxd7 17.h4 Rae8 18.Bh3+ Kc7
19.Rd1 Qe5 20.Qf2 Kb8 21.Nd5 Qxe4 22.Bg2 Qe2 23.Qg3 Re5 24.Qa3
Rd8 25.Bf3 Qc4 26.b3 Qc5 27.Qa5 Rc8 28.Nb4 Qe3+ 29.Kb2 Qxf3 30.Rxd6
Re6 31.Qb6 Qc3+ 32.Ka3 Rxd6 33.Nxa6+ Ka8 34.Qxd6 Qa5+ 35.Kb2
Qxa6 0-1

[Event "Master Open"]
[Site "Voronezh"]
[Date "2017.06.21"]
[Round "9.61"]
[White "Kochukova, Anna"]
[Black "Pogorelskikh, Sofia"]
[Result "1-0"]
[WhiteElo "2123"]
[BlackElo "2050"]
[Annotator ""]
[Source ""]
[Remark ""]

1.e4 c5 2.Nf3 d6 3.d4 cxd4 4.Nxd4 Nf6 5.Nc3 a6 6.Bc4 e6 7.a3
Be7 8.Ba2 O-O 9.O-O b5 10.f4 Bb7 11.Qf3 Nbd7 12.f5 e5 13.Nde2
b4 14.axb4 Qb6+ 15.Kh1 Qxb4 16.Ng3 Rfc8 17.Bb3 Nc5 18.Be3 Bc6
19.Nd5 Bxd5 20.Bxc5 Rxc5 21.exd5 a5 22.Ra4 Qb5 23.Rfa1 Qb7 24.Ne4
Nxe4 25.Qxe4 Rb5 26.h4 Rb4 27.Rxb4 axb4 28.Rf1 Qb6 29.g3 Qd4
30.Qxd4 exd4 31.Bc4 Bf6 32.b3 Be5 33.Kg2 Kf8 34.Kf3 Ra2 35.Bd3
Ra5 36.g4 Ra7 37.g5 f6 38.Kg4 Ra8 39.Rh1 Ra7 40.Kf3 Kg8 41.Rg1
Kf8 42.Be4 d3 43.Bxd3 Bc3 44.Rg4 Rc7 45.Re4 Rc5 46.Bc4 Rc8 47.Bb5
Kf7 48.Bc6 Rd8 49.Ke2 Rb8 50.Kf3 Rd8 51.Rc4 Rc8 52.Ke3 Ke7 53.Re4+
Kf7 54.Re6 Rd8 55.Kd3 Be5 56.Kc4 Bc3 57.Kb5 Rb8+ 58.Ka6 Be5 59.Ka7
Rf8 60.Kb7 fxg5 61.hxg5 Kg8 62.Rxe5 dxe5 63.d6 Kf7 64.Kc7 h5
65.Bf3 h4 66.Bd5+ Ke8 67.f6 gxf6 68.gxf6 h3 69.d7# 1-0

[Event "Master Open"]
[Site "Voronezh"]
[Date "2017.06.21"]
[Round "9.62"]
[White "Krithigga, K."]
[Black "Smirnov, Alexander"]
[Result "0-1"]
[WhiteElo "1836"]
[BlackElo "2423"]
[Annotator ""]
[Source ""]
[Remark ""]

1.c4 e6 2.g3 d5 3.Bg2 Nf6 4.Nf3 Be7 5.O-O O-O 6.d4 c6 7.Nc3 dxc4
8.a4 Nbd7 9.Nd2 e5 10.Nxc4 exd4 11.Qxd4 Nb6 12.Qxd8 Rxd8 13.Nxb6
axb6 14.Bf4 Rd4 15.b3 Be6 16.Rfb1 Nd7 17.Ne4 Nc5 18.Be3 Rb4 19.Bxc5
bxc5 20.Nd2 Bf6 21.Ra3 c4 22.bxc4 Rxb1+ 23.Nxb1 Bxc4 24.Bf3 Kf8
25.Nd2 Be6 26.a5 Rd8 27.Ne4 Be7 28.Ra1 f5 29.Nc3 Bf6 30.Ra3 Bxc3
31.Rxc3 Rd1+ 32.Kg2 Ra1 33.e4 Rxa5 34.exf5 Rxf5 35.g4 Rb5 36.Kg3
Ke7 37.Kf4 g5+ 38.Ke3 Kd6 39.h3 Ke5 40.Be4 h6 41.Bc2 Rb2 42.f3
Bd5 43.Bd3 b5 44.Be4 Bc4 45.Bd3 Bxd3 46.Rxd3 c5 47.Rd8 Rb3+ 48.Ke2
c4 49.Rh8 Kf4 50.Rxh6 Rb2+ 51.Kd1 Kxf3 52.Rf6+ Ke3 53.Rf5 Kd3
54.Kc1 Rh2 55.Rxb5 Rh1+ 56.Kb2 c3+ 57.Ka2 c2 58.Rb3+ Kc4 59.Rb8
c1Q 60.Rc8+ Kd5 0-1